| 000 | 00713nam a22001577a 4500 | ||
|---|---|---|---|
| 003 | LRUA | ||
| 005 | 20191217152513.0 | ||
| 008 | 191217b xxu||||| |||| 00| 0 eng d | ||
| 040 | _cRUA | ||
| 082 | _aAVM SOE 2018 B654 Or.1 | ||
| 100 |
_914061 _aSOEUN KIMSOUR សឿន គីមសូរ |
||
| 245 | _apresence of bacteria in localchiken meat at market in borset district,kampong speu province វត្តមានបាតើតេរីសាច់មានស្រុកនៅលើទីផ្សារស្រុកបសេដ្ឋ ខេត្តកំពង់ស្ពឺ | ||
| 260 |
_aRUA _bPhnom penh _c2018 |
||
| 300 |
_aix;26p _bill; _c29cm |
||
| 942 |
_2ddc _cAVM |
||
| 999 |
_c18539 _d18539 |
||